[Event "28th Hoogeveen op"]
[Site "Hoogeveen NED"]
[Date "2025.10.23"]
[Round "7.19"]
[White "Xue, Luka"]
[Black "Yekeler, Kerem Sarp"]
[Result "1-0"]
[WhiteElo "2031"]
[BlackElo "2112"]
[EventDate "2025.10.18"]
[PlyCount "89"]

1.d4 Nf6 2.c4 e6 3.Nf3 Bb4+ 4.Bd2 Bxd2+ 5.Qxd2 d5 6.Nc3 O-O 7.e3 Qe7 8.Rc1
Rd8 9.cxd5 exd5 10.Bd3 c6 11.O-O Nbd7 12.a3 a5 13.Qc2 g6 14.Na4 Re8 15.Nd2
Nf8 16.Nb6 Rb8 17.Qc5 Qd8 18.Nb3 a4 19.Nxa4 Ne4 20.Bxe4 Rxe4 21.Qb6 Qe8 
22.Nac5 Rg4 23.Qc7 Bf5 24.Nd2 b6 25.Na6 Rc8 26.Qxb6 Bd3 27.Rfe1 Bf5 28.Nc7
Qe7 29.Na6 Qg5 30.g3 Ne6 31.Rxc6 Rf8 32.Nc7 Nxd4 33.Rd6 Nc2 34.Nf3 Qh6 35.
Rc1 d4 36.Nd5 dxe3 37.Nxe3 Be4 38.Nd2 Rxg3+ 39.fxg3 Nxe3 40.Nxe4 Nf5 41.
Rdc6 Kg7 42.Rf1 Re8 43.Nd6 Nxd6 44.Rxd6 Re2 45.Qd4+ 1-0

[Event "28th Hoogeveen op"]
[Site "Hoogeveen NED"]
[Date "2025.10.23"]
[Round "7.20"]
[White "Winter, Sven"]
[Black "Riechenberg, Sebastian"]
[Result "0-1"]
[WhiteElo "2119"]
[BlackElo "2073"]
[EventDate "2025.10.18"]
[PlyCount "56"]

1.e4 c5 2.c3 b6 3.d4 Bb7 4.Bd3 Nf6 5.d5 e6 6.c4 b5 7.b3 Nxe4 8.Bxe4 Qf6 9.
Ne2 b4 10.Nbc3 bxc3 11.Qc2 Bd6 12.dxe6 Bxe4 13.Qxe4 Nc6 14.exd7+ Kxd7 15.
Qg4+ Kc7 16.O-O Rhe8 17.Nf4 Bxf4 18.Bxf4+ Kb6 19.a4 h5 20.a5+ Ka6 21.Qg5 
Qxg5 22.Bxg5 Nd4 23.Be3 Nxb3 24.Ra3 Rab8 25.Rd1 Re6 26.Ra2 Nd4 27.h3 c2 
28.Rc1 Ne2+ 0-1

[Event "28th Hoogeveen op"]
[Site "Hoogeveen NED"]
[Date "2025.10.23"]
[Round "7.21"]
[White "Moghe, Parth"]
[Black "Van de Pavoordt, Max"]
[Result "0-1"]
[WhiteElo "2199"]
[BlackElo "2098"]
[EventDate "2025.10.18"]
[PlyCount "98"]

1.d4 d5 2.Nc3 Nf6 3.Bf4 a6 4.Nf3 e6 5.e3 c5 6.Ne5 Nc6 7.h4 cxd4 8.exd4 Qb6
9.Nxc6 Qxc6 10.a3 Bd7 11.Bd3 Qb6 12.Qe2 Qxb2 13.Kd2 Rc8 14.Na2 Qxd4 15.Qe3
Qxe3+ 16.fxe3 Bxa3 17.Rab1 Bc6 18.Be5 Ke7 19.Nb4 Bxb4+ 20.Rxb4 Ne4+ 21.
Bxe4 dxe4 22.Kc1 f6 23.Bd4 b5 24.Bb6 Bd5 25.Kb2 Rc6 26.Ba5 Rhc8 27.Rc1 e5 
28.c3 f5 29.g3 Rg6 30.Rg1 Rgc6 31.g4 fxg4 32.Rxg4 g6 33.Rg2 Rxc3 34.Rxb5 
Rc2+ 35.Rxc2 Rxc2+ 36.Kxc2 axb5 37.Kd2 Kf6 38.Bd8+ Kf5 39.Be7 Kg4 40.Ke2 
Kg3 41.Kd2 Bc4 42.Kc3 Kf3 43.Bg5 Kg4 44.Bf6 h6 45.Kb4 Kf3 46.Bxe5 Kxe3 47.
Kc3 Kf2 48.Bd4+ e3 49.Bc5 g5 0-1

[Event "28th Hoogeveen op"]
[Site "Hoogeveen NED"]
[Date "2025.10.23"]
[Round "7.23"]
[White "Lind, Jacco"]
[Black "Aravindhan, Achyuth"]
[Result "1-0"]
[WhiteElo "2045"]
[BlackElo "2144"]
[EventDate "2025.10.18"]
[PlyCount "69"]

1.d4 d5 2.c4 dxc4 3.Nf3 Nf6 4.e3 e6 5.Bxc4 c5 6.O-O cxd4 7.exd4 Be7 8.Nc3 
O-O 9.Re1 Nc6 10.a3 b6 11.Ba2 Bb7 12.Bf4 Re8 13.Qd3 Bd6 14.Bg5 h6 15.Bh4 
g5 16.Bg3 Bxg3 17.hxg3 Ne7 18.Rad1 Ned5 19.Bb1 Kg7 20.Ne5 Qe7 21.Rd2 Rh8 
22.Rde2 Rae8 23.f3 Nc7 24.b4 Ncd5 25.Ne4 Nh7 26.Nxf7 Kxf7 27.Nd6+ Kf8 28.
Nxe8 Qxe8 29.Rxe6 Qf7 30.Rxh6 Ndf6 31.Qf5 g4 32.fxg4 Rg8 33.Rf1 Rg7 34.Qe5
Kg8 35.Bxh7+ 1-0

[Event "28th Hoogeveen op"]
[Site "Hoogeveen NED"]
[Date "2025.10.23"]
[Round "7.24"]
[White "Boeren, Jurriaan"]
[Black "Baarspul, Bram"]
[Result "1-0"]
[WhiteElo "2112"]
[BlackElo "1894"]
[EventDate "2025.10.18"]
[PlyCount "91"]

1.e4 c5 2.Nf3 d6 3.d4 cxd4 4.Nxd4 Nf6 5.Bd3 e5 6.Nf3 Be7 7.c4 O-O 8.O-O 
Be6 9.Nc3 Nbd7 10.b3 Nc5 11.Bc2 Qc8 12.h3 b5 13.Nxb5 Ncxe4 14.Ng5 Bf5 15.
Re1 Nxg5 16.Bxg5 Rd8 17.Bxf6 Bxc2 18.Qxc2 Bxf6 19.Rad1 d5 20.Qe2 Qc5 21.
Nc3 dxc4 22.Ne4 Qc6 23.bxc4 Be7 24.Ng3 Bd6 25.Nf5 Qc5 26.Rd5 Qb4 27.Red1 
Bc7 28.Qxe5 Bxe5 29.Rxd8+ Qf8 30.Ne7+ Kh8 31.Rxf8+ Rxf8 32.Rd7 Rb8 33.g3 
h5 34.Rd5 f6 35.f4 Rb7 36.Ng6+ Kh7 37.Nxe5 fxe5 38.Rxe5 Rb4 39.c5 Ra4 40.
c6 Rc4 41.Rxh5+ Kg6 42.Ra5 Rxc6 43.Rxa7 Rc2 44.Ra5 Kf6 45.a4 Ra2 46.h4 1-0

[Event "28th Hoogeveen op"]
[Site "Hoogeveen NED"]
[Date "2025.10.23"]
[Round "7.25"]
[White "Fikh, Anthony"]
[Black "Albin, Sajan"]
[Result "1/2-1/2"]
[WhiteElo "1942"]
[BlackElo "2101"]
[EventDate "2025.10.18"]
[PlyCount "61"]

1.Nf3 d5 2.e3 Nf6 3.c4 e6 4.b3 Be7 5.Bb2 O-O 6.Nc3 b6 7.g3 Bb7 8.Bg2 Nbd7 
9.O-O Rc8 10.Qe2 Re8 11.Rac1 a6 12.d3 c5 13.Nh4 Nf8 14.f4 Ng6 15.Nxg6 hxg6
16.e4 d4 17.Nd1 Qd7 18.Nf2 Qc6 19.Nh3 b5 20.Rf2 Qb6 21.Rcf1 a5 22.g4 Bd8 
23.g5 Nd7 24.Qg4 bxc4 25.bxc4 Bc7 26.Bc1 Bc6 27.Rf3 Kf8 28.Nf2 Ke7 29.Rh3 
Rh8 30.Rh4 Qb8 31.h3 1/2-1/2

[Event "28th Hoogeveen op"]
[Site "Hoogeveen NED"]
[Date "2025.10.23"]
[Round "7.27"]
[White "Valiente, Paulo"]
[Black "Mellema, Andries"]
[Result "1-0"]
[WhiteElo "2017"]
[BlackElo "2142"]
[EventDate "2025.10.18"]
[PlyCount "75"]

1.c4 e5 2.Nc3 Nf6 3.g3 d5 4.cxd5 Nxd5 5.Bg2 Nb6 6.Nf3 Nc6 7.O-O Be7 8.d3 
O-O 9.a3 Be6 10.b4 a5 11.b5 Nd4 12.Bb2 Nb3 13.Rb1 f6 14.Nd2 Nxd2 15.Qxd2 
Nc4 16.Qc1 Nxb2 17.Qxb2 Rb8 18.Rfd1 Bc5 19.e3 Qe7 20.Ra1 Rfd8 21.Na4 Ba7 
22.Qc3 Bb6 23.Rac1 Bd5 24.Bxd5+ Rxd5 25.Qc4 Qf7 26.Kf1 Rbd8 27.Nb2 Kf8 28.
e4 R5d7 29.Qxf7+ Kxf7 30.Ke2 Bd4 31.Nc4 b6 32.f4 g6 33.Rf1 Ke6 34.f5+ Ke7 
35.h4 Rg8 36.Rf3 gxf5 37.exf5 Rg4 38.Rc2 1-0

[Event "28th Hoogeveen op"]
[Site "Hoogeveen NED"]
[Date "2025.10.23"]
[Round "7.28"]
[White "Bakels, Anton"]
[Black "Gerrits, Augustin"]
[Result "0-1"]
[WhiteElo "1981"]
[BlackElo "2074"]
[EventDate "2025.10.18"]
[PlyCount "80"]

1.e4 e5 2.d4 exd4 3.Qxd4 Nc6 4.Qe3 Nf6 5.Nc3 Bb4 6.Bd2 O-O 7.O-O-O Re8 8.
Bc4 d6 9.f3 Ne5 10.Bb3 a5 11.a3 Bc5 12.Qe1 b5 13.Nxb5 a4 14.Ba2 c6 15.Nc3 
Qb6 16.f4 Be6 17.fxe5 Reb8 18.Bg5 Bxa2 19.exf6 Qxb2+ 20.Kd2 Bb3 21.Rc1 
Bxa3 22.Nge2 d5 23.Ke3 Bc5+ 24.Kf3 dxe4+ 25.Nxe4 Bd5 26.Nc3 Re8 27.fxg7 f5
28.Nxd5 fxe4+ 29.Kg3 cxd5 30.Qd2 Qe5+ 31.Bf4 Qxg7+ 32.Kh3 Rad8 33.Qa5 Qd7+
34.g4 Bf8 35.Rcd1 e3 36.Rhe1 e2 37.Rd3 Re4 38.Qd2 Bh6 39.Rf3 Rf8 40.Kg2 
Bxf4 0-1

[Event "28th Hoogeveen op"]
[Site "Hoogeveen NED"]
[Date "2025.10.23"]
[Round "7.29"]
[White "Timmermans, Raymond"]
[Black "Van der Lubben, Arno"]
[Result "1/2-1/2"]
[WhiteElo "2013"]
[BlackElo "2005"]
[EventDate "2025.10.18"]
[PlyCount "130"]

1.Nf3 d5 2.e3 Nf6 3.c4 e6 4.Nc3 Be7 5.b3 O-O 6.Bb2 Nbd7 7.Qc2 Re8 8.Be2 a6
9.Rg1 b6 10.g4 Bb7 11.g5 Ne4 12.h4 Rc8 13.Nxe4 dxe4 14.Qc3 Bf8 15.Nh2 Qe7 
16.Ng4 e5 17.O-O-O Qb4 18.Qc2 Qa5 19.d4 Ba3 20.Nxe5 Nxe5 21.dxe5 Rxe5 22.
Bg4 Rce8 23.Bxa3 Qxa3+ 24.Qb2 Qc5 25.Qd4 Qa3+ 26.Qb2 Qc5 27.Qd4 Qf8 28.Kb2
Bc6 29.Bd7 Bxd7 30.Qxd7 R5e7 31.Qd4 Re6 32.Qd7 Rc8 33.Rd4 c5 34.Rd5 Rb8 
35.Qa7 Ra8 36.Qc7 Qc8 37.Qxc8+ Rxc8 38.Rgd1 Kf8 39.Rd8+ Rxd8 40.Rxd8+ Ke7 
41.Ra8 a5 42.Ra7+ Kf8 43.Rb7 h6 44.a3 hxg5 45.hxg5 Rd6 46.Kc3 Rd3+ 47.Kc2 
Rd6 48.b4 Rg6 49.bxc5 bxc5 50.Rb5 Rxg5 51.Rxa5 Rf5 52.a4 Rxf2+ 53.Kc3 Re2 
54.Rxc5 Rxe3+ 55.Kd4 Ra3 56.a5 e3 57.Re5 g5 58.Rxg5 Ke7 59.Re5+ Kd7 60.c5 
Kc6 61.Rxe3 Rxe3 62.Kxe3 Kxc5 63.Ke4 Kb5 64.Kf5 f6 65.Kxf6 Kxa5 1/2-1/2

[Event "28th Hoogeveen op"]
[Site "Hoogeveen NED"]
[Date "2025.10.23"]
[Round "7.30"]
[White "Struik, Marcel"]
[Black "Groenewoud, Joel"]
[Result "1-0"]
[WhiteElo "1945"]
[BlackElo "2175"]
[EventDate "2025.10.18"]
[PlyCount "45"]

1.e4 c6 2.Nc3 d5 3.Qf3 dxe4 4.Nxe4 Nf6 5.Bc4 Nbd7 6.d4 e6 7.Ne2 Nxe4 8.
Qxe4 Nf6 9.Qf3 Be7 10.O-O O-O 11.c3 a5 12.a4 Nd5 13.Re1 Qc7 14.Bd3 c5 15.
dxc5 Bxc5 16.Nf4 Bd7 17.Nxd5 exd5 18.Qxd5 Qb6 19.Be3 Bxe3 20.Rxe3 Qxb2 21.
Rb1 Bc6 22.Bxh7+ Kh8 23.Qh5 1-0

[Event "28th Hoogeveen op"]
[Site "Hoogeveen NED"]
[Date "2025.10.23"]
[Round "7.31"]
[White "Van Helvoort, Rob"]
[Black "Xu, Alex"]
[Result "1-0"]
[WhiteElo "2095"]
[BlackElo "2027"]
[EventDate "2025.10.18"]
[PlyCount "94"]

1.e4 c5 2.c3 d5 3.exd5 Qxd5 4.Na3 Nc6 5.Nf3 Bg4 6.Be2 Rc8 7.O-O e6 8.Qa4 
Nf6 9.Nc4 Bh5 10.Na5 Be7 11.Nxc6 bxc6 12.Qxa7 Bd6 13.Qa6 O-O 14.Qd3 Qxd3 
15.Bxd3 Bxf3 16.gxf3 Nd5 17.Re1 Nf4 18.Bf1 Rfd8 19.d3 Nd5 20.a4 Ra8 21.a5 
Rdb8 22.Re4 e5 23.Rea4 Kf8 24.a6 Ke7 25.R1a2 Rb6 26.Be3 f6 27.Ra5 Kd7 28.
Bh3+ Kd8 29.Be6 Nc7 30.Bc4 Nb5 31.Kg2 Rbb8 32.h4 Kd7 33.h5 Bc7 34.R5a4 Bb6
35.Bxb5 cxb5 36.Rg4 Rg8 37.b4 Kc6 38.bxc5 Bxc5 39.d4 exd4 40.cxd4 Bd6 41.
d5+ Kxd5 42.Rd4+ Ke6 43.a7 Rgc8 44.Ra6 Rd8 45.Bf4 Kf5 46.Bxd6 Rd7 47.Bc5 
Rdd8 1-0

[Event "28th Hoogeveen op"]
[Site "Hoogeveen NED"]
[Date "2025.10.23"]
[Round "7.32"]
[White "Safin, Safarullakhan"]
[Black "Abel, Sajan"]
[Result "1-0"]
[WhiteElo "1915"]
[BlackElo "2046"]
[EventDate "2025.10.18"]
[PlyCount "169"]

1.e4 c5 2.Nf3 d6 3.d4 cxd4 4.Nxd4 Nf6 5.Nc3 a6 6.f3 e5 7.Nb3 Be6 8.Be3 h5 
9.Nd5 Bxd5 10.exd5 Nbd7 11.Qd2 g6 12.O-O-O Nb6 13.Kb1 Nbxd5 14.Bg5 Be7 15.
c4 Nb6 16.Bxf6 Bxf6 17.Qb4 Qc7 18.Qxd6 Qxd6 19.Rxd6 Nd7 20.Be2 Rc8 21.Rhd1
Rc7 22.Bd3 Ke7 23.Be4 Bg5 24.c5 Nf6 25.Re1 Rd8 26.Bxb7 Rxd6 27.cxd6+ Kxd6 
28.Bxa6 Nd5 29.a3 f5 30.g3 h4 31.Re2 h3 32.a4 Be3 33.Nd2 Bxd2 34.Rxd2 e4 
35.fxe4 fxe4 36.Bf1 e3 37.Rd1 Ke5 38.Bxh3 Rf7 39.a5 Nb4 40.Bf1 Ra7 41.a6 
Nxa6 42.Rd3 Rf7 43.Rxe3+ Kd4 44.Rd3+ Ke4 45.Rd1 Nb4 46.Rc1 Ke3 47.Re1+ Kd4
48.g4 g5 49.Bb5 Rf2 50.Rh1 Kc5 51.Ba4 Rg2 52.Rc1+ Kd4 53.Bb5 Ke3 54.h3 Rh2
55.Rc3+ Kd2 56.Rf3 Rh1+ 57.Bf1 Rg1 58.b3 Nc6 59.Kb2 Nb4 60.Ka3 Nc2+ 61.Ka4
Ne3 62.Bb5 Ra1+ 63.Kb4 Nd5+ 64.Kc5 Ne3 65.Kd4 Nc2+ 66.Kc5 Ne3 67.Bc4 Ra5+ 
68.Kd4 Nc2+ 69.Ke4 Ra1 70.Rd3+ Ke1 71.Rd5 Ra8 72.Rxg5 Kf2 73.h4 Kg3 74.h5 
Re8+ 75.Re5 Rh8 76.Be2 Rf8 77.h6 Rf4+ 78.Kd5 Nb4+ 79.Ke6 Nc6 80.h7 Rf8 81.
Rh5 Rh8 82.Kf6 Nd8 83.Kg7 Nf7 84.Kxf7 Kf4 85.Kg7 1-0

[Event "28th Hoogeveen op"]
[Site "Hoogeveen NED"]
[Date "2025.10.24"]
[Round "8.1"]
[White "Abdisalimov, Abdimalik"]
[Black "Zwirs, Nico"]
[Result "1-0"]
[WhiteElo "2501"]
[BlackElo "2441"]
[EventDate "2025.10.18"]
[PlyCount "101"]

1.e4 c5 2.Nc3 d6 3.d4 cxd4 4.Qxd4 Nc6 5.Qd2 g6 6.b3 Bh6 7.f4 Nf6 8.Bb2 O-O
9.O-O-O a5 10.a4 Nb4 11.Kb1 e5 12.Nf3 Bg4 13.Qxd6 exf4 14.Qe5 Qc8 15.Bc4 
Bg7 16.Qxf4 Nh5 17.Qg5 Re8 18.Rhf1 Be6 19.Nd5 Bxd5 20.exd5 Bxb2 21.Kxb2 b5
22.axb5 a4 23.Qd2 Qc5 24.Qd4 Qd6 25.bxa4 Rxa4 26.Ra1 Rea8 27.Bb3 Nxc2 28.
Rxa4 Nxd4 29.Rxa8+ Kg7 30.Nxd4 Nf4 31.Ra7 Nd3+ 32.Kc3 Ne5 33.Bc4 Kh6 34.
Rfxf7 Nxf7 35.Rxf7 Qe5 36.Kd3 Qe1 37.Bb3 Qb1+ 38.Bc2 Qa1 39.h3 Qa2 40.Rd7 
Qa1 41.Rf7 Qa2 42.Ke4 Qa8 43.Re7 Qd8 44.Nc6 Qf8 45.Ke5 Qf2 46.Be4 Kg5 47.
Kd6 Qb2 48.Kc7 Qxb5 49.d6 Kh6 50.d7 g5 51.Rxh7# 1-0

[Event "28th Hoogeveen op"]
[Site "Hoogeveen NED"]
[Date "2025.10.24"]
[Round "8.2"]
[White "Nigmatov, Ortik"]
[Black "Beerdsen, Thomas"]
[Result "1-0"]
[WhiteElo "2485"]
[BlackElo "2528"]
[EventDate "2025.10.18"]
[PlyCount "111"]

1.e4 c5 2.Nf3 d6 3.d4 cxd4 4.Nxd4 Nf6 5.Nc3 a6 6.Bg5 Nbd7 7.Bc4 Qc7 8.Bb3 
e6 9.Qe2 b5 10.O-O-O b4 11.Nd5 exd5 12.exd5+ Be7 13.Nc6 Ne5 14.Nxe5 dxe5 
15.d6 Bxd6 16.Bxf6 O-O 17.Qf3 gxf6 18.Qxa8 Bb7 19.Qa7 Bc5 20.Rd7 Qxd7 21.
Qxc5 Qg4 22.f3 Qf4+ 23.Kb1 Bc8 24.Qc6 Kg7 25.h3 Qd2 26.Rc1 Bf5 27.g4 Bg6 
28.h4 h5 29.gxh5 Bxh5 30.Rg1+ Bg6 31.Qc5 Rd8 32.a3 Qh2 33.Bxf7 Rd4 34.
Rxg6+ Kxf7 35.Rh6 Qh1+ 36.Ka2 Qxf3 37.Qa7+ Ke6 38.Qxa6+ Rd6 39.Qc8+ Kf7 
40.Qc7+ Ke6 41.Qc8+ Kf7 42.Rh8 Kg6 43.Rg8+ Kh7 44.Rh8+ Kg6 45.Rg8+ Kh7 46.
Rg1 Qd5+ 47.Kb1 Rd7 48.axb4 e4 49.Qe8 Rg7 50.Re1 Rg4 51.b5 f5 52.b6 Rg6 
53.Qc8 e3 54.b7 Qd2 55.Qc7+ Rg7 56.Qxg7+ 1-0

[Event "28th Hoogeveen op"]
[Site "Hoogeveen NED"]
[Date "2025.10.24"]
[Round "8.3"]
[White "Chanda, Sandipan"]
[Black "Harshavardhan, G. B."]
[Result "1-0"]
[WhiteElo "2467"]
[BlackElo "2476"]
[EventDate "2025.10.18"]
[PlyCount "65"]

1.d4 Nf6 2.c4 e6 3.Nc3 Bb4 4.e3 b6 5.Ne2 c5 6.a3 Ba5 7.Rb1 Na6 8.g3 Bb7 9.
d5 b5 10.b3 Ne4 11.Bd2 exd5 12.Bg2 Bxc3 13.Nxc3 b4 14.axb4 Nxb4 15.O-O Nf6
16.Nxd5 Nfxd5 17.Bxb4 Nxb4 18.Bxb7 Rb8 19.Bg2 Qe7 20.Rb2 d6 21.Rd2 Rb6 22.
Qg4 O-O 23.Qf4 f5 24.h4 g6 25.Rfd1 Rf6 26.h5 Re6 27.Bf3 Re5 28.hxg6 hxg6 
29.Qh6 Re6 30.Kg2 Qg7 31.Qf4 Qf6 32.g4 fxg4 33.Bxg4 1-0

[Event "28th Hoogeveen op"]
[Site "Hoogeveen NED"]
[Date "2025.10.24"]
[Round "8.4"]
[White "Miezis, Normunds"]
[Black "Harikrishnan.A.Ra,"]
[Result "0-1"]
[WhiteElo "2374"]
[BlackElo "2534"]
[EventDate "2025.10.18"]
[PlyCount "140"]

1.c4 e6 2.Nf3 Nf6 3.e3 b6 4.b3 Bb7 5.Bb2 Be7 6.Be2 O-O 7.O-O d5 8.d4 Nbd7 
9.Nc3 a6 10.Rc1 Bd6 11.Na4 c5 12.Ne5 cxd4 13.Nxd7 Nxd7 14.Qxd4 Be5 15.Qd1 
Bxb2 16.Nxb2 Qf6 17.Qd4 Qxd4 18.exd4 dxc4 19.Nxc4 b5 20.Na5 Bd5 21.f3 Rfc8
22.Kf2 Kf8 23.Bd3 f5 24.g4 g6 25.Ke3 Ke7 26.h4 Kd6 27.g5 f4+ 28.Ke2 Rxc1 
29.Rxc1 e5 30.Be4 exd4 31.Kd3 Nc5+ 32.Kxd4 Bxe4 33.fxe4 Ne6+ 34.Kd3 Rf8 
35.b4 f3 36.Ke3 f2 37.Rf1 Rf4 38.Rxf2 Rxh4 39.Rd2+ Kc7 40.Rc2+ Kd7 41.Rd2+
Ke8 42.Rd5 Rg4 43.Nc6 Nxg5 44.Rd8+ Kf7 45.Ne5+ Ke7 46.Nc6+ Ke6 47.e5 Nf7 
48.Ra8 Nxe5 49.Nd4+ Kd5 50.Rd8+ Kc4 51.a3 Kc3 52.Ne2+ Kb2 53.Ra8 Kxa3 54.
Rxa6+ Kxb4 55.Nf4 Kc4 56.Ra7 h5 57.Re7 Nc6 58.Re6 Nd4 59.Rxg6 Nc2+ 60.Ke4 
Rxg6 61.Nxg6 b4 62.Ne5+ Kb5 63.Nd3 b3 64.Kf4 Nd4 65.Kg5 Kc4 66.Nb2+ Kc3 
67.Na4+ Kc2 68.Kxh5 Nb5 69.Kg4 Nc3 70.Nb6 Kd3 0-1

[Event "28th Hoogeveen op"]
[Site "Hoogeveen NED"]
[Date "2025.10.24"]
[Round "8.5"]
[White "Raja, Harshit"]
[Black "Maris, Ivo"]
[Result "1-0"]
[WhiteElo "2476"]
[BlackElo "2389"]
[EventDate "2025.10.18"]
[PlyCount "55"]

1.e4 g6 2.d4 Bg7 3.Nc3 a6 4.Be3 b5 5.h4 h6 6.h5 g5 7.f4 gxf4 8.Qg4 Nf6 9.
Qxf4 d6 10.Nf3 Ng4 11.O-O-O Nxe3 12.Qxe3 b4 13.Nd5 a5 14.Nf4 a4 15.e5 d5 
16.e6 Bxe6 17.Nxe6 fxe6 18.Qxe6 Qd6 19.Qc8+ Kf7 20.Qf5+ Bf6 21.Ne5+ Kf8 
22.Ng6+ Kg7 23.Nxh8 Kxh8 24.Bd3 Kg7 25.Qh7+ Kf8 26.Bg6 Qe6 27.Qxh6+ Kg8 
28.Rde1 1-0

[Event "28th Hoogeveen op"]
[Site "Hoogeveen NED"]
[Date "2025.10.24"]
[Round "8.6"]
[White "Li, Hewei"]
[Black "De Boer, Eelke"]
[Result "1/2-1/2"]
[WhiteElo "2022"]
[BlackElo "2456"]
[EventDate "2025.10.18"]
[PlyCount "81"]

1.Nf3 Nf6 2.g3 g6 3.Bg2 Bg7 4.O-O O-O 5.d4 d6 6.c4 Nbd7 7.Nc3 e5 8.h3 c6 
9.dxe5 dxe5 10.Qc2 Re8 11.Be3 Qc7 12.Rfd1 Nf8 13.Bc5 N6d7 14.Bd6 Qb6 15.
Rab1 Ne6 16.e3 f5 17.b4 e4 18.Nd2 Qd8 19.c5 Qf6 20.Ne2 Ne5 21.Bxe5 Qxe5 
22.Nc4 Qf6 23.Qb3 Kh8 24.Rd2 Nf8 25.Nd6 Re7 26.Bf1 Be6 27.Qc2 Nd7 28.Nf4 
Ne5 29.Be2 Bg8 30.b5 cxb5 31.Rxb5 Rb8 32.Qa4 Nc6 33.Kg2 Rd8 34.Qd1 Rb8 35.
Qa4 Qc3 36.Rc2 Qe1 37.Bc4 Ne5 38.Bxg8 Nf3 39.Ne2 Rxg8 40.Qc4 Qd1 41.Rc1 
1/2-1/2

[Event "28th Hoogeveen op"]
[Site "Hoogeveen NED"]
[Date "2025.10.24"]
[Round "8.7"]
[White "Korchynskyi, Mykola"]
[Black "Schuricht, Emil Frederick"]
[Result "1/2-1/2"]
[WhiteElo "2382"]
[BlackElo "2294"]
[EventDate "2025.10.18"]
[PlyCount "38"]

1.d4 d5 2.c4 c6 3.Nf3 Nf6 4.Nc3 e6 5.e4 Nbd7 6.Qc2 Bd6 7.g4 h6 8.Rg1 e5 9.
cxd5 cxd5 10.Nb5 Bb8 11.g5 hxg5 12.dxe5 Nxe4 13.Nd6+ Nxd6 14.exd6 Bxd6 15.
Rxg5 Qf6 16.Rf5 Bb4+ 17.Bd2 Bxd2+ 18.Kxd2 Qd6 19.Rc1 O-O 1/2-1/2

[Event "28th Hoogeveen op"]
[Site "Hoogeveen NED"]
[Date "2025.10.24"]
[Round "8.8"]
[White "Bosboom, Manuel"]
[Black "Van Batenburg, Mees"]
[Result "1/2-1/2"]
[WhiteElo "2355"]
[BlackElo "2231"]
[EventDate "2025.10.18"]
[PlyCount "55"]

1.e4 c5 2.Nf3 Nc6 3.c3 e6 4.d3 d5 5.Nbd2 Nf6 6.g3 Be7 7.Bg2 O-O 8.O-O b5 
9.Re1 Qc7 10.Nb3 a5 11.exd5 exd5 12.Bf4 Qb6 13.Ne5 Nxe5 14.Bxe5 Bg4 15.Qd2
a4 16.Nc1 Be6 17.Ne2 Rad8 18.Nf4 Ng4 19.Bf3 Nxe5 20.Rxe5 Bf6 21.Nxd5 Bxd5 
22.Rxd5 Rxd5 23.Bxd5 Rd8 24.Re1 g6 25.Be4 a3 26.b3 b4 27.cxb4 cxb4 28.Qf4 
1/2-1/2

[Event "28th Hoogeveen op"]
[Site "Hoogeveen NED"]
[Date "2025.10.24"]
[Round "8.9"]
[White "De Jong, Migchiel"]
[Black "Grooten, Tommy"]
[Result "1-0"]
[WhiteElo "2258"]
[BlackElo "2160"]
[EventDate "2025.10.18"]
[PlyCount "77"]

1.Nf3 d5 2.e3 Nf6 3.c4 c6 4.Nc3 e6 5.b3 Nbd7 6.Bb2 h6 7.d4 Be7 8.Bd3 O-O 
9.O-O b6 10.Qe2 Bb7 11.Rad1 Qc7 12.e4 dxe4 13.Nxe4 c5 14.dxc5 Nh5 15.cxb6 
axb6 16.Bb1 Nf4 17.Qe3 f5 18.Ng3 Bc5 19.Rxd7 Nh3+ 20.gxh3 Qxd7 21.Ne5 Qc7 
22.Qe2 Rad8 23.a3 Ba8 24.b4 Qb7 25.Nf3 Bd6 26.Kg2 Bf4 27.Bc3 Bb8 28.Bc2 
Kh8 29.Qe3 Kh7 30.Rd1 Rxd1 31.Bxd1 e5 32.Bc2 e4 33.Nd2 Kg8 34.Kg1 Qc7 35.
f4 exf3 36.Nxf3 Qc6 37.Nxf5 Qxf3 38.Ne7+ Kf7 39.Bg6# 1-0

[Event "28th Hoogeveen op"]
[Site "Hoogeveen NED"]
[Date "2025.10.24"]
[Round "8.10"]
[White "Soumya, Swaminathan"]
[Black "Van Veelen, Thomas"]
[Result "1-0"]
[WhiteElo "2238"]
[BlackElo "2081"]
[EventDate "2025.10.18"]
[PlyCount "47"]

1.e4 c5 2.Nf3 e6 3.c3 d5 4.e5 Nc6 5.d4 Bd7 6.Be2 Nge7 7.O-O Ng6 8.g3 Be7 
9.h4 O-O 10.h5 Nh8 11.dxc5 f6 12.exf6 Bxf6 13.Nh2 Nf7 14.Bf3 Nce5 15.Bg2 
Qc7 16.b3 Rfe8 17.Be3 Bb5 18.Re1 Nd3 19.Bf1 Nfe5 20.f4 Nb2 21.Qd2 Bxf1 22.
fxe5 Bh3 23.Bd4 Bxe5 24.Rxe5 1-0

[Event "28th Hoogeveen op"]
[Site "Hoogeveen NED"]
[Date "2025.10.24"]
[Round "8.11"]
[White "Dordevic, Tom"]
[Black "Riechenberg, Sebastian"]
[Result "1-0"]
[WhiteElo "2224"]
[BlackElo "2073"]
[EventDate "2025.10.18"]
[PlyCount "51"]

1.e4 c5 2.Nf3 Nf6 3.e5 Nd5 4.Nc3 e6 5.Nxd5 exd5 6.d4 Nc6 7.dxc5 Bxc5 8.Bd3
d6 9.exd6 O-O 10.O-O Bg4 11.h3 Bh5 12.g4 Bg6 13.Bxg6 hxg6 14.Qxd5 Qb6 15.
Bf4 Rad8 16.Rad1 Rd7 17.Qb3 Qxb3 18.axb3 f6 19.Rfe1 g5 20.Bg3 Kf7 21.Nd2 
Bd4 22.Ne4 b6 23.c3 Be5 24.Nxg5+ Kg6 25.Ne6 Re8 26.f4 1-0

[Event "28th Hoogeveen op"]
[Site "Hoogeveen NED"]
[Date "2025.10.24"]
[Round "8.12"]
[White "Westerlaan, Sander"]
[Black "Kukushkin, Ivan"]
[Result "0-1"]
[WhiteElo "2034"]
[BlackElo "2211"]
[EventDate "2025.10.18"]
[PlyCount "84"]

1.d4 d5 2.Nc3 Nf6 3.Bf4 Bf5 4.e3 e6 5.Bd3 c6 6.Nf3 Nbd7 7.O-O Be7 8.Ne5 
O-O 9.h3 Rc8 10.Bxf5 exf5 11.Qd3 Ne4 12.Ne2 Nxe5 13.Bxe5 g6 14.f3 Ng5 15.
h4 Ne6 16.h5 Bd6 17.Bxd6 Qxd6 18.f4 Rfe8 19.Rf3 Ng7 20.Ng3 Re6 21.Kf2 Ne8 
22.Rh1 Nf6 23.Qb3 Ng4+ 24.Ke2 Rce8 25.Nf1 c5 26.c3 Qa6+ 27.Kd2 Rb6 28.Qc2 
Qxa2 29.b3 Qa3 30.Ng3 cxd4 31.exd4 Rxb3 32.Rb1 Rxb1 33.Qxb1 Qe7 34.hxg6 
hxg6 35.Qg1 b5 36.Rf1 b4 37.Rc1 bxc3+ 38.Rxc3 Qb4 39.Kc2 Qa4+ 40.Kd2 Rb8 
41.Ne2 Rb2+ 42.Ke1 Qe8 0-1

[Event "28th Hoogeveen op"]
[Site "Hoogeveen NED"]
[Date "2025.10.24"]
[Round "8.13"]
[White "Labruyere, Roger"]
[Black "Odenthal, Aidan"]
[Result "1-0"]
[WhiteElo "2205"]
[BlackElo "2045"]
[EventDate "2025.10.18"]
[PlyCount "51"]

1.e4 e5 2.Nf3 Nc6 3.Bb5 Nge7 4.O-O Ng6 5.c3 a6 6.Ba4 d5 7.exd5 Qxd5 8.d4 
Bg4 9.c4 Bxf3 10.cxd5 Bxd1 11.Rxd1 b5 12.Bxb5 axb5 13.dxc6 exd4 14.Rxd4 
Ne5 15.Nc3 Nxc6 16.Re4+ Kd7 17.Nxb5 Bd6 18.Bf4 Rhb8 19.Nxd6 cxd6 20.Rd1 
Rd8 21.Rxd6+ Kc7 22.Rf6+ Kb6 23.Be3+ Kb5 24.Rf5+ Ka6 25.Ra4+ Kb7 26.Rxf7+ 
1-0

[Event "28th Hoogeveen op"]
[Site "Hoogeveen NED"]
[Date "2025.10.24"]
[Round "8.14"]
[White "Mijnheer, Peter"]
[Black "Xue, Luka"]
[Result "1/2-1/2"]
[WhiteElo "2104"]
[BlackElo "2031"]
[EventDate "2025.10.18"]
[PlyCount "96"]

1.d4 d5 2.Nf3 Nf6 3.Bf4 c5 4.e3 Qb6 5.Nc3 a6 6.dxc5 Qxc5 7.Be2 e6 8.O-O 
Be7 9.Bd3 Nbd7 10.a3 O-O 11.e4 dxe4 12.Nxe4 Nxe4 13.Bxe4 Nf6 14.Bd3 Rd8 
15.Qe2 b5 16.c4 bxc4 17.Bxc4 Bb7 18.Rac1 Qf5 19.Bg3 Nh5 20.Rfd1 Nf4 21.
Bxf4 Qxf4 22.Bd3 Bxf3 23.Qxf3 Qxf3 24.gxf3 Bf6 25.Rb1 a5 26.a4 Rab8 27.b3 
g5 28.Bc4 Kg7 29.h3 Rxd1+ 30.Rxd1 Rd8 31.Rxd8 Bxd8 32.Kf1 Be7 33.Bd3 h6 
34.Ke2 f5 35.Ba6 Kf6 36.Bc8 Bc5 37.Bd7 Ke5 38.Bc8 Kd6 39.Ba6 Bb6 40.Bc8 
Bc5 41.Ba6 Ke7 42.Bc8 Bd4 43.Ba6 h5 44.Bc8 Kf6 45.Bd7 Ke7 46.Bc8 Bc5 47.
Kf1 Bd4 48.Kg2 Kf6 1/2-1/2

[Event "28th Hoogeveen op"]
[Site "Hoogeveen NED"]
[Date "2025.10.24"]
[Round "8.15"]
[White "Kamphuis, Jasper"]
[Black "Makhynia, Kostiantyn"]
[Result "0-1"]
[WhiteElo "2104"]
[BlackElo "1935"]
[EventDate "2025.10.18"]
[PlyCount "108"]

1.e4 c5 2.Nf3 Nc6 3.d4 cxd4 4.Nxd4 Nf6 5.Nc3 e6 6.Ndb5 Bc5 7.Bf4 O-O 8.Bc7
Qe7 9.Bd6 Bxd6 10.Qxd6 Qd8 11.O-O-O a6 12.Nd4 Ne7 13.g4 Nxg4 14.Qg3 Nh6 
15.Rg1 Ng6 16.Nf3 Qf6 17.Ne2 e5 18.h4 d6 19.h5 Bg4 20.hxg6 Qxf3 21.gxh7+ 
Kxh7 22.Qh4 Qxe4 23.Rxd6 Bf5 24.Qxe4 Bxe4 25.Nc3 Bc6 26.Bc4 Rad8 27.Rgd1 
Rxd6 28.Rxd6 Nf5 29.Rd1 Nd4 30.Re1 f6 31.Nd5 g6 32.c3 Nf5 33.Nb4 Bf3 34.
Nd5 Kh6 35.a4 g5 36.a5 g4 37.Nb6 Kg5 38.Be2 Kf4 39.Nd7 Rf7 40.Nc5 Bxe2 41.
Rxe2 Nh4 42.Nd3+ Kf5 43.b4 e4 44.Nc5 Re7 45.c4 e3 46.fxe3 g3 47.e4+ Kg4 
48.Kc2 g2 49.Rxg2+ Nxg2 50.Kd3 Nf4+ 51.Kc3 Ne6 52.Nd3 Kf3 53.e5 f5 54.c5 
Ke4 0-1